| 000 | 00910nam a22002537a 4500 | ||
|---|---|---|---|
| 005 | 20170124103021.0 | ||
| 010 | _aA-169388 | ||
| 020 | _c35.00 | ||
| 035 | _aA-169388 | ||
| 037 |
_bCen Lib/Ret _a8190379607 |
||
| 040 |
_aDPL _bHN |
||
| 082 |
_aउ _bराघव |
||
| 100 |
_aराघव, रांगेय _9210 |
||
| 245 |
_aकाका / _cरांगेय राघव |
||
| 246 |
_aKaka / _bby Rangaya Raghav |
||
| 260 |
_a दिल्ली _bराजपाल एंड संस _c1983 |
||
| 270 |
_aकश्मीरी गेट _b दिल्ली _e110006 |
||
| 300 |
_a182पृ. _c16सेमी(सजिल्द ) |
||
| 650 |
_aहिंदी साहित्य _x _z _960565 |
||
| 650 |
_aहिंदी उपन्यास _960566 |
||
| 650 |
_aHindi literature _v _960567 |
||
| 650 |
_aHindi fiction _927248 |
||
| 942 |
_2ddc _cHN _hउ _mराघव |
||
| 999 |
_c115245 _d115245 |
||